Pro Evolution Soccer (PES) Unlicensed English Club Names. - Statistics

General Stats
  • This quiz has been taken 1,983 times
  • The average score is 15 of 30
Answer Stats
PES Name Real Name % Correct
Man Blue Manchester City
99%
Man Red Manchester United
98%
Merseyside Red Liverpool
95%
London FC Chelsea
93%
Merseyside Blue Everton
93%
North London Arsenal
91%
North East London Tottenham
84%
Tyneside Newcastle
64%
East London West Ham
62%
West London White Fulham
58%
West Midlands Village Aston Villa
50%
West Midlands Gold Wolves
45%
Norfolk City Norwich
44%
West Midlands Stripes West Brom
44%
Yorkshire Whites Leeds
42%
Lancashire Claret Burnley
40%
East Midlands Leicester
35%
Staffordshire Red Stoke City
34%
Yorkshire Orange Hull City
33%
Teesside Middlesbrough
33%
Hampshire Red Southampton
31%
Wearside Sunderland
31%
North West London QPR
28%
West Glamorgan City Swansea
27%
East Sussex Brighton
21%
West Yorkshire Town Huddersfield
21%
South Yorkshire Blues Sheffield Wednesday
21%
Hertfordshire Watford
20%
South Norwood Crystal Palace
16%
East Dorsetshire Bournemouth
15%
No matching quizzes found
Score Distribution
Percent of People with Each Score
Percentile by Number Answered
Your Score History
You have not taken this quiz